New endemic taxa of Festuca from the Colombian Sierra Nevada de Santa Marta (Registro nro. 13068)

Detalles MARC
000 -CABECERA
Campo de control 005750000a22001810004500
090 ## - CLASIFICACIÓN LOCAL
Colección AR
Consecutivo 04035
041 0# - IDIOMA
Código de idioma para texto/pista de sonido o título separado
100 1# - ASIENTO PRINCIPAL--NOMBRE PERSONAL
Nombre personal Stancik, Daniel
245 10 - MENCION DE TITULO
Título New endemic taxa of Festuca from the Colombian Sierra Nevada de Santa Marta
650 14 - ASIENTO SECUNDARIO DE MATERIA - TERMINO TEMATICO
Término temático o nombre geográfico como elemento de entrada Botánica
650 14 - ASIENTO SECUNDARIO DE MATERIA - TERMINO TEMATICO
Término temático o nombre geográfico como elemento de entrada Taxonomía vegetal
650 14 - ASIENTO SECUNDARIO DE MATERIA - TERMINO TEMATICO
Término temático o nombre geográfico como elemento de entrada Nuevas especies
650 14 - ASIENTO SECUNDARIO DE MATERIA - TERMINO TEMATICO
Término temático o nombre geográfico como elemento de entrada Páramos
651 #4 - ASIENTO SECUNDARIO DE MATERIA - NOMBRE GEOGRAFICO
-- Sierra Nevada de Santa Marta
-- Magdalena
-- Colombia
653 ## - TERMINO DE INDIZACION - NO CONTROLADO
-- Festuca
-- Festuca sanctae-martae
773 1# - Item fuente:
Título Preslia, Phaha
Paginas del Articulo 339-347
Lugar, editorial y fecha de publicación 2003
Información sobre la relación 75
942 ## - ELEMENTOS ADICIONALES (KOHA)
Tipo de ítem Artículo
Existencias
Withdrawn status Lost status Damaged status No para préstamo Colección Ubicación Permanente Ubicación actual Fecha de adquisición Fuente de Valor Datos de publicación Seriada Total Checkouts Número topográfico Inventario / Código de Barras Date last seen Price effective from Forma de adquisición Tipo de material
      No para Préstamo Hemeroteca Bogotá Bogotá 27/02/2015 Stancik, Daniel Fuera de circulación   AR 04035 017628 25/03/2015 25/03/2015   Artículo